Mobile Computing (Record no. 7651)

MARC details
000 -LEADER
fixed length control field 00300nam a2200133Ia 4500
008 - FIXED-LENGTH DATA ELEMENTS--GENERAL INFORMATION
fixed length control field 191201s2014 xx 000 0 und d
100 ## - MAIN ENTRY--PERSONAL NAME
Personal name SHARMA,Vishnu
245 #0 - TITLE STATEMENT
Title Mobile Computing
250 ## - EDITION STATEMENT
Edition statement Rep
260 ## - PUBLICATION, DISTRIBUTION, ETC. (IMPRINT)
Date of publication, distribution, etc 2014
Name of publisher, distributor, etc S.K.Kataria
Place of publication, distribution, etc N. delhi
300 ## - PHYSICAL DESCRIPTION
Extent 373
650 ## - SUBJECT ADDED ENTRY--TOPICAL TERM
Topical term or geographic name as entry element CSE
942 ## - ADDED ENTRY ELEMENTS (KOHA)
Source of classification or shelving scheme Dewey Decimal Classification
Koha item type Book Bank
942 ## - ADDED ENTRY ELEMENTS (KOHA)
-- 1
Holdings
Withdrawn status Lost status Source of classification or shelving scheme Damaged status Not for loan Collection code Home library Current library Date acquired Source of acquisition Cost, normal purchase price Bill Number Total Checkouts Acc. no. / Barcode Date last seen Actual Cost, discounted price Bill Date Koha item type Date last borrowed
    Dewey Decimal Classification     B.Tech(CSE) PIET C-LIBRARY PIET C-LIBRARY 28/02/2015 KIRTI PRAKASHAN, NEW DELHI 210.00 IN2282   BB11325 04/12/2019 151.20 28/02/2015 Book Bank  
    Dewey Decimal Classification     B.Tech(CSE) PIET C-LIBRARY PIET C-LIBRARY 28/02/2015 KIRTI PRAKASHAN, NEW DELHI 210.00 IN2282   BB11326 04/12/2019 151.20 28/02/2015 Book Bank  
    Dewey Decimal Classification     B.Tech(CSE) PIET C-LIBRARY PIET C-LIBRARY 28/02/2015 KIRTI PRAKASHAN, NEW DELHI 210.00 IN2282   BB11327 04/12/2019 151.20 28/02/2015 Book Bank  
    Dewey Decimal Classification     B.Tech(CSE) PIET C-LIBRARY PIET C-LIBRARY 28/02/2015 KIRTI PRAKASHAN, NEW DELHI 210.00 IN2282   BB11328 04/12/2019 151.20 28/02/2015 Book Bank  
    Dewey Decimal Classification     B.Tech(CSE) PIET C-LIBRARY PIET C-LIBRARY 28/02/2015 KIRTI PRAKASHAN, NEW DELHI 210.00 IN2282 1 BB11329 14/10/2020 151.20 28/02/2015 Book Bank 20/02/2020
    Dewey Decimal Classification     B.Tech(CSE) PIET C-LIBRARY PIET C-LIBRARY 28/02/2015 KIRTI PRAKASHAN, NEW DELHI 210.00 IN2282   BB11330 04/12/2019 151.20 28/02/2015 Book Bank  

Design & Developed by: PIET Central Library
R70 Miles Stone Pattikalyana Samalkha Panipat 132102
mail ID :- [email protected], Phone No:- 0180-2569700 Ex.216